000 01194nab a2200265 4500
003 AR-RoBPED
005 20260508090738.0
008 260508b |||||||| |||| 00| 0 spa d
040 _aAR-RoBPED
041 _aspa
100 1 _aSabadotto, Lucrecia C.
_929602
_eProfesora de Educación Física
245 1 _aAprender a leer y a escribir con el cuerpo en movimiento /
260 _aBuenos Aires :
_bNoveduc,
_c2023
300 _a33-35 p.
500 _aLa autora da cuenta de los fundamentos y el desarrollo de una experiencia -taller realizada en la Escuela provincial N° 86 "José Manuel Estrada" de la ciudad de Rosario, en donde la propuesta es contribuir el aprendizaje del lenguaje escrito desde el movimiento corporal.
650 7 _aEXPERIENCIA PEDAGOGICA
_93265
650 7 _aAPRENDIZAJE DE LA LECTOESCRITURA
_95086
650 7 _aTALLERES ESCOLARES
_9370
650 7 _aLENGUAJE ESCRITO
_914592
650 7 _aEXPRESION CORPORAL
_94585
650 7 _aAPRENDIZAJE
_9560
773 0 _020414
_941865
_dBuenos Aires : Noveduc, 1993-
_tNovedades Educativas
_w(AR-RoBPED)20414
_x03283534
942 _2udc
_cREV
_h37(05)
_mNov 86 N° 390 (Sept.2023)
_ak.32733
945 _amar 05/2026
999 _c32733
_d32733